000 00727na a2200241 4500
001 19253
003 MIRAKIL
005 20181213155122.0
008 161212b tu 000 0
035 _a19253
040 _aMilas
_btur
_cTR-AnCHP
041 _atur
082 _a338.09561
_bT96 [t.y.]
090 _a338.09561 T96 [t.y.]
245 _aTürkiye sanayisinde küçük üretim
_cHazırlayanlar Sezgin Tüzün, Gürel Tüzün
260 _aİstanbul
_bTÜSES Yayınları
_c[t.y.]
300 _a110 s.
_c30 sm.
650 _aÜretim
_xSanayi
_zTürkiye
700 _aTüzün, Gürel
700 _aTüzün, Sezgin
830 _aTürkiye Sosyal Ekonomik Siyasal Araştırmalar Vakfı Yayınları
942 _2ddc
_cBKS
999 _c6897
_d6897